000 00381nam a2200145 4500
001 22867
005 20230411085952.0
008 060907n1995 dr spa
035 _9funglode23032
041 _aEN
245 0 4 _aThe Dominican Republie growth with equity :
_ban agenda for reform
260 _a[s. l] :
_bWorld Bank,
_c1995
300 _av.
942 _2lcc
_cbk
999 _c110186
_d110186